La Notificación de los actos administrativos en el procedimiento ordinario / Manuel-Jesús Núñez Ruiz
ISBN:
84-7111-194-2
Descripción Física:
269 p. ; 24 cm
MARC
| LEADER | 00000nam a2200000Ia 4500 | ||
|---|---|---|---|
| 001 | 20516 | ||
| 008 | 160829s1983 xx 000 0 cat d | ||
| 020 | |a 84-7111-194-2 | ||
| 080 | |a M-6-53 | ||
| 100 | |a Núñez Ruiz, Manuel-Jesús |9 42497 | ||
| 245 | |a La Notificación de los actos administrativos en el procedimiento ordinario / Manuel-Jesús Núñez Ruiz | ||
| 260 | |a Madrid : |b Montecorvo, |c 1983 | ||
| 300 | |a 269 p. ; |c 24 cm | ||
| 590 | |a Bibliografía | ||
| 650 | 0 | |a Actes administratius |z Espanya |9 10659 | |
| 650 | 0 | |a Procediment administratiu |z Espanya |9 19587 | |
| 901 | |a Arxiu | ||
| 942 | |n 1 | ||
| 952 | |0 0 |1 0 |4 0 |6 M653 |7 1 |9 50867 |a Arxiu |b Arxiu |d 2016-12-01 |l 0 |o M-6-53 |p 20516 |r 2016-12-01 00:00:00 |w 2016-12-01 |y ARXIU | ||
| 999 | |c 54709 |d 54709 | ||